Central Library OPAC University of Rajshahi

اوراق مصوّر: عهد وسطىٰ کى دلّى /‏ ;; Aurāq-i muṣavvar: ʻahd-i vust̤á kī Dillī / (Record no. 81730)

MARC details
000 -LEADER
fixed length control field 01619cam a22003371i 4500
001 - CONTROL NUMBER
control field 81730
003 - CONTROL NUMBER IDENTIFIER
rucl marc code BD-RjUL
005 - DATE AND TIME OF LATEST TRANSACTION
control field 20230821115707.0
008 - FIXED-LENGTH DATA ELEMENTS--GENERAL INFORMATION
fixed length control field 230821s1972 ii b 000 0 urdr
035 ## - SYSTEM CONTROL NUMBER
System control number (BD-RjUL)81730
040 ## - CATALOGING SOURCE
Original cataloging agency DLC
Language of cataloging eng
Description conventions rda
Transcribing agency WAU
Modifying agency OCLCO
041 ## - LANGUAGE CODE
Language code of text/sound track or separate title urd
082 04 - DEWEY DECIMAL CLASSIFICATION NUMBER
Classification number 306.0954
Edition number 23
Author mark and year NIA 1972
100 1# - MAIN ENTRY--PERSONAL NAME
Personal name Nizami, Khaliq Ahmad,
Dates associated with a name 1925-1997,
Relator term author.
9 (RLIN) 8438
245 10 - TITLE STATEMENT
Title اوراق مصوّر: عهد وسطىٰ کى دلّى /‏ ;; Aurāq-i muṣavvar: ʻahd-i vust̤á kī Dillī /
Statement of responsibility, etc. ‏[مصنّف] خليق احمد نظامى. ;; [muṣannif] K̲h̲alīq Aḥmad Niz̤āmī.
246 3# - VARYING FORM OF TITLE
Title proper/short title Auraq-i-musauwar: social history of Delhi
250 ## - EDITION STATEMENT
Edition statement Ishāʻat-i avval.
264 #1 - PRODUCTION, PUBLICATION, DISTRIBUTION, MANUFACTURE, AND COPYRIGHT NOTICE
Place of production, publication, distribution, manufacture دهلى : Dihlī :‏‏
Name of producer, publisher, distributor, manufacturer Shuʻbah-yi Urdū, Dihlī Yūnīvarsiṭī,‏شعبۀ اردو، دهلى يونيورسٹى،‏ ,
Date of production, publication, distribution, manufacture, or copyright notice 1972.
300 ## - PHYSICAL DESCRIPTION
Pagination 123 pages ;
Size 22 cm.
490 1# - SERIES STATEMENT
Series statement Niz̤ām Urdū k̲h̲ut̤bāt ;‏نظام اردو خطبات ؛‏
Volume/sequential designation 1972.
Series statement Silsilah-yi mat̤būʻāt-i Shuʻbah-yi Urdū, Dihlī Yūnīvarsiṭī‏سلسلۀ مطبوعات شعبۀ اردو، دهلى يونيورسٹى
500 ## - GENERAL NOTE
General note Back cover title: Auraq-i-musauwar: social history of Delhi.
General note In Urdu.
504 ## - BIBLIOGRAPHY, ETC. NOTE
Bibliography, etc Includes bibliographical references.
650 #7 - SUBJECT ADDED ENTRY--TOPICAL TERM
Topical term or geographic name as entry element Social conditions
Source of heading or term fast
Topical term or geographic name as entry element Social history
9 (RLIN) 8439
651 #0 - SUBJECT ADDED ENTRY--GEOGRAPHIC NAME
Geographic name Delhi (India)
General subdivision Social conditions.
9 (RLIN) 8440
Linkage 880-09
Geographic name India
Geographic subdivision Delhi.
Source of heading or term fast
Authority record control number (OCoLC)fst01205766
9 (RLIN) 8441
830 #0 - SERIES ADDED ENTRY--UNIFORM TITLE
Uniform title Niz̤ām Urdū k̲h̲ut̤bāt ;‏نظام اردو خطبات ؛‏
Volume number/sequential designation 1972.
942 ## - ADDED ENTRY ELEMENTS (KOHA)
Source of classification or shelving scheme Dewey Decimal Classification
Koha item type Books
Holdings
Lost status Source of classification or shelving scheme Damaged status Not for loan Collection code Permanent Location Current Location Shelving location Date acquired Full call number Date last seen Copy number Koha item type
  Dewey Decimal Classification   Not For Loan Non-fiction Central Library, University of Rajshahi Central Library, University of Rajshahi Reading Room 21/08/2023 U 306.0954 NAW 1976 21/08/2023 C-1 Books